| 000 | 00702nam a2200241Ia 4500 | ||
|---|---|---|---|
| 001 | dia_7830 | ||
| 003 | CHAP | ||
| 008 | 220117s1991 xx 000 0 und d | ||
| 010 | _a179327 | ||
| 040 | _cCHAP | ||
| 090 | _aF 999 1991 | ||
| 100 |
_aCruz León, Artemio _929466 |
||
| 245 |
_aGuía: instrumentos agrícolas: muestra permanente / _c Artemio Cruz León ; edición David Ojeda Yáñez y Juan Pablo de Piña García |
||
| 260 |
_aMéxico : _b UACh, Museo Nacional de Agricultura, _c1991 |
||
| 300 | _a46 p. | ||
| 503 | _aD. | ||
| 901 | _aF 999 1991 | ||
| 902 | _aA | ||
| 905 | _a5232271991 mx abdi8223223322spa16 | ||
| 942 | _c12 | ||
| 942 | _c12 | ||
| 999 |
_c179327 _d179327 |
||